Blue skies: a checklist for the socially responsible housebuilder (Record no. 72362)

MARC details
000 -LEADER
fixed length control field 00985cam a2200217 4500
001 - CONTROL NUMBER
control field ABS66496
008 - FIXED-LENGTH DATA ELEMENTS--GENERAL INFORMATION
fixed length control field 030326n2003 000 0 eng u
035 ## - SYSTEM CONTROL NUMBER
System control number (Sirsi) u121754
100 ## - MAIN ENTRY--PERSONAL NAME
Personal name Heller, A.
245 ## - TITLE STATEMENT
Title Blue skies: a checklist for the socially responsible housebuilder
260 ## - PUBLICATION, DISTRIBUTION, ETC.
Date of publication, distribution, etc. 2003
490 ## - SERIES STATEMENT
Series statement House Builder
Volume/sequential designation 62(2) March 2003, 20-23(4)
520 ## - SUMMARY, ETC.
Summary, etc. Puts forward the case why housebuilders should engage with the Corporate Social Responsibility (CSR) agenda as they face increasing government control over land and growing competition with registered social landlords (RSLs). Provides a wide-ranging CSR checklist for housebuilders to measure their corporate performance against. Gives sources of advice on CSR.
590 ## - LOCAL NOTE (RLIN)
Local note ABS
650 ## - SUBJECT ADDED ENTRY--TOPICAL TERM
Topical term or geographic name entry element CORPORATE SOCIAL RESPONSIBILITY AGENDA
650 ## - SUBJECT ADDED ENTRY--TOPICAL TERM
Topical term or geographic name entry element REGISTERED SOCIAL LANDLORDS
650 ## - SUBJECT ADDED ENTRY--TOPICAL TERM
Topical term or geographic name entry element HOUSE BUILDERS
650 ## - SUBJECT ADDED ENTRY--TOPICAL TERM
Topical term or geographic name entry element GREEN BUILDING
690 ## - LOCAL SUBJECT ADDED ENTRY--TOPICAL TERM (OCLC, RLIN)
Topical term or geographic name as entry element BUILT ENVIRONMENT-SUSTAINABLE CONSTRUCTION
942 ## - ADDED ENTRY ELEMENTS (KOHA)
Suppress in OPAC 0
Holdings
Withdrawn status Lost status Source of classification or shelving scheme Damaged status Not for loan Home library Current library Shelving location Date acquired Total Checkouts Full call number Barcode Date last seen Copy number Price effective from Koha item type
    Dewey Decimal Classification     London London Journal article 26/03/2003   ABS66496 121754-1001 06/08/2019 1 06/08/2019 Journal article